| 000 | 00406nam a22001697a 4500 | ||
|---|---|---|---|
| 003 | MACL | ||
| 005 | 20151226122430.0 | ||
| 008 | 151226b xxu||||| |||| 00| 0 eng d | ||
| 040 | _cMACL | ||
| 041 | _aEnglish | ||
| 082 | _a700/TRI | ||
| 100 |
_aTrivedi,Madhu _922750 |
||
| 245 | _aThe Making of The A Wadh Culture | ||
| 260 |
_aDelhi _bPrimus Books _c2010 |
||
| 650 |
_aCulture _922751 |
||
| 942 |
_2ddc _cBK |
||
| 999 |
_c51869 _d51869 |
||